00627cam a22001933a 450000100060000000300060000600500170001200800410002904000150007004200070008524500780009226000290017050600300019951600200022970000670024970000460031683000290036285600420039135918PGUSA20140828083755.0110422s2011||||xxu|||||s|||||000 | eng d aPGUSAbeng adc10aDry Fish and Wet :bTales from a Norwegian Seaporth[electronic resource] bProject Gutenberg,c2011 aPublic domain in the USA. aElectronic text1 aWorster, W. J. Alexanderq(William John Alexander),d1882-19291 aNilsen, Anthon Bernhard Elias,d1855-1936 0aProject Gutenbergv3591840uhttp://www.gutenberg.org/ebooks/35918